[Event "Caioba op-B 8th"]
[Site "Caioba"]
[Date "2024.06.28"]
[Round "1"]
[White "Piriz, Umma Christine Delg"]
[Black "Kapp, Luiz Guilherme"]
[Result "0-1"]
[WhiteElo "1750"]
[BlackElo "1701"]
[PlyCount "112"]
[EventDate "2024.06.28"]
[EventType "swiss"]
[EventRounds "5"]
[EventCountry "BRA"]
[SourceTitle "EXT 2025"]
[Source "ChessBase"]
[SourceDate "2024.10.14"]
[SourceVersion "1"]
[SourceVersionDate "2024.10.14"]
[SourceQuality "1"]

1. e4 c5 2. Nc3 g6 3. Nf3 Bg7 4. d4 cxd4 5. Nxd4 Nc6 6. Nxc6 bxc6 7. f3 e6 8. Bc4 d5 9. exd5 cxd5 10. Bxd5 Bxc3+ 11. Kf2 Qxd5 12. bxc3 Ne7 13. Bh6 Nf5 14. Bf4 0-0 15. Qxd5 exd5 16. Rad1 Bb7 17. Rd2 Rac8 18. Re1 Rxc3 19. Be5 d4 20. Bf6 Ra3 21. Rde2 Bc6 22. g4 Rxf3+ 23. Kg1 Ne3 24. Bxd4 Nxg4 25. c3 a6 26. a3 Nf6 27. h4 Nd5 28. h5 Nxc3 29. Re5 Rd3 30. Be3 Re8 31. Rxe8+ Bxe8 32. Bh6 Rd1 33. Kf1 Bb5+ 34. Kf2 Rxe1 35. Kxe1 f5 36. Kd2 Nb1+ 37. Kc1 Nxa3 38. hxg6 hxg6 39. Kb2 Nc4+ 40. Kc3 Kf7 41. Bg5 Ke6 42. Bf4 Kd5 43. Kd3 a5 44. Kc3 Ke4 45. Bg3 Ke3 46. Be1 f4 47. Kc2 f3 48. Kd1 Ba4+ 49. Kc1 f2 50. Bxf2+ Kxf2 51. Kb1 Bb3 52. Ka1 g5 53. Kb1 g4 54. Kc1 g3 55. Kb1 g2 56. Ka1 g1Q# 0-1